Shapes of Countries that Border Russia - Statistics

General Stats
  • This quiz has been taken 79 times
  • The average score is 12 of 14
Answer Stats
Picture Answer % Correct
China
100%
Norway
97%
Finland
91%
Kazakhstan
88%
Ukraine
88%
Poland
87%
Mongolia
86%
Belarus
81%
Latvia
78%
Estonia
75%
Lithuania
74%
North Korea
74%
Georgia
72%
Azerbaijan
67%
No matching quizzes found
Score Distribution
Percent of People with Each Score
Percentile by Number Answered
Your Score History
You have not taken this quiz